00709cam a22002291a 4500001001300000003000400013005001700017008004100034010001700075035002000092040001700112042001200129050002000141100003500161245008200196260007900278300002900357440004000386500001400426500002200440999001700462sa 68008777 DLC20260227112536.0870716s1967 ii a 000 0 hino  asa 68008777  a(OCoLC)16196473 aDLCcIUdDLC apremarc00aPK1730.4.I9bP81 aTivārī, Ānandī Lāla.10aPurānī kahāniyāṁ, naī sīkheṃ /cĀnandī Lāla Tivārī. aNaī Dilli :bUnesko kī ora se Neśanala Buka Trasta, Indiyā,c1967. a106 p. :bill. ;c19 cm. 0aNavasākshara pustakamālā ;v1 aIn Hindi. aRomanized record. c82570d82570